01258nam a2200313 a 4500001001100000003000800011006001900019007001500038008004100053010001700094020002800111040002100139035002000160050002300180082002500203100002600228245008700254260005300341300003100394500002300425504006400448533015200512650004400664650005000708655002900758710001700787856012500804999001500929ebr5004870CaPaEBRm u cr cn|||||||||960521s1996 hiuab sb 001 0 eng  z 96023753  z0824817834 (alk. paper) aCaPaEBRcCaPaEBR a(OCoLC)5064872914aSB228b.W55 1996eb04a333.91/315/099692201 aWilcox, Carol,d1943-10aSugar waterh[electronic resource] :bHawaii's plantation ditches /cCarol Wilcox. aHonolulu :bUniversity of Hawai'i Press,cc1996. axii, 191 p. :bill., maps. a"A Kolowalu Book." aIncludes bibliographical references (p. 181-186) and index. aElectronic reproduction.bPalo Alto, Calif. :cebrary,d2013.nAvailable via World Wide Web.nAccess may be limited to ebrary affiliated libraries. 0aSugarcanexIrrigationzHawaiixHistory. 0aWater resources developmentzHawaiixHistory. 7aElectronic books.2local2 aebrary, Inc.40uhttp://site.ebrary.com/lib/rucke/Doc?id=5004870zAn electronic book accessible through the World Wide Web; click to view c1419d1419